| 000 | 00550nam a22001577a 4500 | ||
|---|---|---|---|
| 003 | macl | ||
| 005 | 20231107165556.0 | ||
| 008 | 231107b |||||||| |||| 00| 0 eng d | ||
| 040 | _cmacl | ||
| 082 | _a080 | ||
| 100 |
_aएंजेला डकवर्थ _982048 |
||
| 245 | _aसंंकल्प शक्ति जुनून और जिद की ताकत | ||
| 260 |
_aभाेपाल _bमंजुल पब्लिशिंग हाउस _c2016 |
||
| 650 |
_aसामान्य वर्ग _936 |
||
| 942 |
_2ddc _cHIN |
||
| 999 |
_c66370 _d66370 |
||